000 00573nam a22001337a 4500
100 _aSuryakumar, M.
245 _aGeneration mean analysis for fibre quality traits in cotton
260 _bProceedings of the National Symposium on 100 Glorious Years of Cotton Research and Way Forward, 18-19 October 2022, Centre for Plant Breeding and Genetics and Tamil Nadu Agricultural University, Coimbatore, Tamil Nadu, India, pp. 77-79.
_c2022
300 _bBibliographic details
700 _aNiranjan, M.A.
700 _aBharathiraja, R.
700 _aAnandhan, T.
942 _cJS
999 _c75539
_d75539